[Event "Women Team Championship Preliminaries"]
[Site "Mulhouse"]
[Date "2016.05.07"]
[Round "4.3"]
[White "Ionutiu, Adela"]
[Black "Berezovska, Svletana"]
[Result "0-1"]
[WhiteElo "1950"]
[BlackElo "1823"]
[PlyCount "114"]
[EventDate "2016.05.05"]
[EventType "team"]
[EventRounds "5"]
[EventCountry "FRA"]
[WhiteTeam "Villepinte"]
[BlackTeam "Monaco"]

1. e4 c5 2. Nf3 e6 3. d4 cxd4 4. Nxd4 a6 5. Nc3 Qc7 6. a3 Nc6 7. Be3 Nf6 8. Be2
Be7 9. Qd2 O-O 10. O-O b5 11. Rad1 Bb7 12. Nb3 Ne5 13. Bf4 Rfd8 14. Bxe5 Qxe5
15. f4 Qc7 16. Bf3 d5 17. exd5 Nxd5 18. Nxd5 Bxd5 19. Bxd5 Rxd5 20. Qe2 Rxd1
21. Qxd1 Rd8 22. Qe2 Rd5 23. g3 g6 24. Rd1 Qd8 25. Rxd5 Qxd5 26. Qd3 Qxd3 27.
cxd3 Bf6 28. d4 a5 29. Nxa5 Bxd4+ 30. Kf1 Bxb2 31. Ke2 Bxa3 32. g4 Bd6 33. Kf3
g5 34. fxg5 Bxh2 35. Nc6 Kg7 36. Nd4 b4 37. Ke4 Bd6 38. Nf3 Kg6 39. Kd4 Be7 40.
Kc4 Bxg5 41. Kxb4 h5 42. gxh5+ Kxh5 43. Kc4 f6 44. Kd4 Kg4 45. Ne5+ Kf5 46. Nf7
Bf4 47. Nd8 e5+ 48. Kd3 Bc1 49. Nc6 Ba3 50. Na5 Kf4 51. Ke2 f5 52. Nc4 Bc5 53.
Nb2 e4 54. Nc4 Kg3 55. Nd2 Kg2 56. Nb3 f4 57. Nxc5 f3+ 0-1

[Event "Women Team Championship Preliminaries"]
[Site "Mulhouse"]
[Date "2016.05.07"]
[Round "4.4"]
[White "Lomandong, Noela-Joyce"]
[Black "Dieuleveut, Floriane"]
[Result "1-0"]
[WhiteElo "1807"]
[BlackElo "1816"]
[PlyCount "81"]
[EventDate "2016.05.05"]
[EventType "team"]
[EventRounds "5"]
[EventCountry "FRA"]
[WhiteTeam "Monaco"]
[BlackTeam "Villepinte"]

1. Nf3 Nf6 2. g3 g6 3. Bg2 Bg7 4. c4 Nc6 5. Nc3 d6 6. O-O O-O 7. d3 e5 8. Rb1
Bd7 9. e4 Qc8 10. Ne1 Ne8 11. Nd5 f5 12. b4 Rf7 13. Nf3 h6 14. Nh4 Kh7 15. exf5
Bxf5 16. Nxf5 Qxf5 17. Be4 Qe6 18. h4 Nf6 19. Nxf6+ Qxf6 20. h5 Ne7 21. hxg6+
Nxg6 22. Bxb7 Rb8 23. Be4 Kh8 24. Be3 Ne7 25. Qh5 c6 26. Bg5 Qe6 27. Bxe7 Qxe7
28. Bxc6 Qf8 29. Be4 Bf6 30. Kg2 Bd8 31. f3 Qg7 32. Rh1 Bg5 33. Qg4 Rg8 34. Bd5
Qg6 35. Rxh6+ Bxh6 36. Qxg6 Rxg6 37. Bxf7 Rg7 38. Rh1 Kh7 39. Bd5 Kg6 40. Be4+
Kg5 41. g4 1-0

[Event "Women Team Championship Preliminaries"]
[Site "Mulhouse"]
[Date "2016.05.07"]
[Round "4.1"]
[White "Paehtz, Elisabeth"]
[Black "Vega Gutierrez, Sabrina"]
[Result "1/2-1/2"]
[WhiteElo "2489"]
[BlackElo "2375"]
[PlyCount "41"]
[EventDate "2016.05.05"]
[EventType "team"]
[EventRounds "5"]
[EventCountry "FRA"]
[WhiteTeam "Mulhouse"]
[BlackTeam "Evry"]

1. d4 d5 2. c4 e6 3. Nc3 c6 4. e4 dxe4 5. Nxe4 Bb4+ 6. Bd2 Qxd4 7. Bxb4 Qxe4+
8. Be2 c5 9. Bxc5 Qxg2 10. Bf3 Qg5 11. Qd6 Nd7 12. Bd4 Ne7 13. h4 Qa5+ 14. Bc3
Qb6 15. Qxb6 axb6 16. Bxg7 Rg8 17. Bc3 Nc5 18. Ne2 e5 19. Ng3 Bg4 20. Ke2 Nc6
21. Rhe1 1/2-1/2

[Event "Women Team Championship Preliminaries"]
[Site "Mulhouse"]
[Date "2016.05.07"]
[Round "4.2"]
[White "Milliet, Sophie"]
[Black "Choisy, Mathilde"]
[Result "1-0"]
[WhiteElo "2346"]
[BlackElo "2181"]
[PlyCount "45"]
[EventDate "2016.05.05"]
[EventType "team"]
[EventRounds "5"]
[EventCountry "FRA"]
[WhiteTeam "Evry"]
[BlackTeam "Mulhouse"]

1. e4 c5 2. Nf3 d6 3. d4 cxd4 4. Nxd4 Nf6 5. Nc3 a6 6. Bg5 Nbd7 7. f4 Qc7 8.
Qf3 g6 9. O-O-O Bg7 10. Nd5 Nxd5 11. exd5 Nf6 12. f5 Nd7 13. g4 Ne5 14. Qe4 Bd7
15. h4 h6 16. Be3 gxf5 17. gxf5 O-O-O 18. Rh3 Kb8 19. Bg1 Rc8 20. Rc3 Qa5 21.
Ra3 Qc7 22. Qe3 Qc5 23. Qb3 1-0

[Event "Women Team Championship Preliminaries"]
[Site "Mulhouse"]
[Date "2016.05.07"]
[Round "4.3"]
[White "Richard, Emma"]
[Black "Safranska, Anda"]
[Result "1/2-1/2"]
[WhiteElo "2086"]
[BlackElo "2223"]
[PlyCount "117"]
[EventDate "2016.05.05"]
[EventType "team"]
[EventRounds "5"]
[EventCountry "FRA"]
[WhiteTeam "Mulhouse"]
[BlackTeam "Evry"]

1. e4 Nf6 2. e5 Nd5 3. d4 d6 4. Nf3 dxe5 5. Nxe5 c6 6. Be2 Bf5 7. O-O Nd7 8.
Nf3 e6 9. a3 Bd6 10. c4 Nf4 11. Re1 Nxe2+ 12. Qxe2 O-O 13. Nc3 h6 14. h3 Re8
15. Be3 a5 16. Rad1 Qb8 17. d5 cxd5 18. cxd5 e5 19. Nh4 Bg6 20. Nxg6 fxg6 21.
Qg4 Nf8 22. Nb5 Ra6 23. Rc1 Kh7 24. Red1 Qd8 25. Qc4 Qf6 26. Nxd6 Rxd6 27. Qb5
Qd8 28. Qxb7 Ne6 29. Qb5 Nd4 30. Bxd4 Rxd5 31. Qb6 exd4 32. Qxd8 Rexd8 33. Rd3
R8d6 34. Rc4 g5 35. b4 axb4 36. axb4 Kg6 37. g4 Kf6 38. Kg2 Ke5 39. Kg3 Rb6 40.
Kf3 Rf6+ 41. Ke2 g6 42. Rc8 h5 43. Re8+ Kd6 44. Rd8+ Kc6 45. Rxd4 Rxd8 46. Rxd8
hxg4 47. hxg4 Rf4 48. b5+ Kc7 49. Rg8 Rxg4 50. Rxg6 Re4+ 51. Kd3 Re5 52. b6+
Kb7 53. Kd4 Rf5 54. Ke3 Ka6 55. f3 Kb7 56. Kf2 Ka6 57. Kg3 Kb7 58. Rd6 Ka6 59.
Rc6 1/2-1/2

[Event "Women Team Championship Preliminaries"]
[Site "Mulhouse"]
[Date "2016.05.07"]
[Round "4.4"]
[White "Huisman, C 1948 EVR."]
[Black "Neuhauser, S 2082 MUL."]
[Result "0-1"]
[WhiteElo "1948"]
[BlackElo "2082"]
[PlyCount "98"]
[EventDate "2016.05.05"]
[EventType "team"]
[EventRounds "5"]
[EventCountry "FRA"]
[WhiteTeam "Evry"]
[BlackTeam "Mulhouse"]

1. g3 g6 2. Bg2 Bg7 3. d3 c5 4. e4 Nc6 5. Nd2 e6 6. f4 d6 7. Ngf3 Nge7 8. O-O
b5 9. a4 b4 10. e5 d5 11. Nb3 c4 12. dxc4 Ba6 13. Re1 Bxc4 14. Nc5 Nf5 15. g4
Bf8 16. Nxe6 fxe6 17. gxf5 Bc5+ 18. Kh1 gxf5 19. Ng5 Qe7 20. Be3 Bxe3 21. Rxe3
h6 22. Nf3 Qc5 23. Qd2 O-O 24. Ne1 Kh7 25. Nd3 Qb6 26. Rh3 Rg8 27. Qe1 Rg6 28.
a5 Nxa5 29. Qxb4 Bxd3 30. Qxb6 axb6 31. cxd3 Rag8 32. Bf3 Nb3 33. Rd1 Nd4 34.
Bh5 Rg2 35. b4 Rb2 36. Rg3 Rc8 37. Rdg1 Rc7 38. Bg6+ Kh8 39. Be8 Ne2 40. R3g2
Rbc2 41. Re1 Nxf4 42. Rxc2 Rxc2 43. d4 Rd2 44. b5 Rxd4 45. Ra1 h5 46. Kg1 h4
47. Ra6 h3 48. Rxb6 Re4 49. Bd7 Nd3 0-1

[Event "Women Team Championship Preliminaries"]
[Site "Mulhouse"]
[Date "2016.05.08"]
[Round "5.1"]
[White "Madl, Ildiko"]
[Black "Javakhishvili, Lela"]
[Result "1/2-1/2"]
[WhiteElo "2321"]
[BlackElo "2493"]
[PlyCount "66"]
[EventDate "2016.05.05"]
[EventType "team"]
[EventRounds "5"]
[EventCountry "FRA"]
[WhiteTeam "Juvisy sur Orge"]
[BlackTeam "Bischwiller"]

1. e4 c5 2. Nf3 Nc6 3. d4 cxd4 4. Nxd4 e6 5. Nc3 a6 6. Nxc6 bxc6 7. Bd3 d5 8.
O-O Nf6 9. Qf3 Be7 10. e5 Nd7 11. Qg3 Kf8 12. Na4 c5 13. c4 d4 14. Be4 Ra7 15.
f4 g6 16. Bd2 Bb7 17. Bxb7 Rxb7 18. b3 h5 19. Nb2 a5 20. Qf3 Ra7 21. a3 Kg7 22.
Rab1 Qa8 23. Qd3 Rb8 24. Na4 Qc6 25. Rf3 Bd8 26. Rff1 Rab7 27. Rf3 Bc7 28. Qe2
Rh8 29. Rbf1 Rbb8 30. Be1 Bd8 31. Bd2 Rf8 32. Rg3 h4 33. Rd3 Rh8 1/2-1/2

[Event "Women Team Championship Preliminaries"]
[Site "Mulhouse"]
[Date "2016.05.08"]
[Round "5.2"]
[White "Maisuradze, Nino"]
[Black "Lam, Sophie"]
[Result "1-0"]
[WhiteElo "2239"]
[BlackElo "2097"]
[PlyCount "87"]
[EventDate "2016.05.05"]
[EventType "team"]
[EventRounds "5"]
[EventCountry "FRA"]
[WhiteTeam "Bischwiller"]
[BlackTeam "Juvisy sur Orge"]

1. Nf3 g6 2. d4 Bg7 3. e4 d6 4. c3 Nf6 5. Bd3 O-O 6. O-O c6 7. Bg5 Qc7 8. Nbd2
Nbd7 9. a4 a5 10. Qc2 Re8 11. Rfe1 e5 12. dxe5 dxe5 13. b4 b6 14. Nc4 Ba6 15.
Qe2 h6 16. Be3 Bxc4 17. Bxc4 Nxe4 18. Bxf7+ Kxf7 19. Qc4+ Kf8 20. Qxe4 Re6 21.
Qh4 g5 22. Qc4 Rae8 23. Rad1 Bf6 24. h4 e4 25. Nd4 Bxd4 26. Qxd4 Ne5 27. Qxe4
Qf7 28. Qd4 Kg8 29. hxg5 hxg5 30. f3 Qf5 31. Bf2 Ng6 32. Rxe6 Rxe6 33. Qxb6 g4
34. Qxa5 Qc2 35. Qd8+ Kf7 36. fxg4 Qxc3 37. Qd7+ Ne7 38. Qd4 Qc2 39. a5 Nd5 40.
Rf1 Re4 41. Bh4+ Ke6 42. Qg7 Qc4 43. Qf7+ Kd6 44. Bg3+ 1-0

[Event "Women Team Championship Preliminaries"]
[Site "Mulhouse"]
[Date "2016.05.08"]
[Round "5.3"]
[White "Rasinaru, Alina"]
[Black "Fischer, Julie"]
[Result "0-1"]
[WhiteElo "1941"]
[BlackElo "2007"]
[PlyCount "82"]
[EventDate "2016.05.05"]
[EventType "team"]
[EventRounds "5"]
[EventCountry "FRA"]
[WhiteTeam "Juvisy sur Orge"]
[BlackTeam "Bischwiller"]

1. e4 c5 2. c3 d5 3. exd5 Qxd5 4. d4 Nf6 5. Nf3 Nc6 6. Be3 cxd4 7. cxd4 e6 8.
Nc3 Qd6 9. Bd3 Nb4 10. Bb1 Be7 11. O-O Nbd5 12. Nxd5 Nxd5 13. Qd3 a6 14. Ne5 b5
15. a4 f6 16. Nf3 bxa4 17. Bc2 Nb6 18. Qe4 Bd7 19. Qg4 O-O 20. Qh5 f5 21. Ne5
Be8 22. Qh3 Bf6 23. Ra3 Rc8 24. Bd3 Bb5 25. Rd1 Nd5 26. Bxb5 axb5 27. f4 Rc2
28. Rd2 Rxb2 29. Rad3 Rxd2 30. Bxd2 Nb4 31. Bxb4 Qxb4 32. Kf2 Qb2+ 33. Ke3 a3
34. Nd7 Rf7 35. Nxf6+ Rxf6 36. Qh5 Qc1+ 37. Ke2 Rf8 38. Qg5 a2 39. Rg3 Qc2+ 40.
Ke3 Qe4+ 41. Kd2 Qxd4+ 0-1

[Event "Women Team Championship Preliminaries"]
[Site "Mulhouse"]
[Date "2016.05.08"]
[Round "5.4"]
[White "Bellahcene, Meriem"]
[Black "Millet, Maud"]
[Result "0-1"]
[WhiteElo "1858"]
[BlackElo "1977"]
[PlyCount "140"]
[EventDate "2016.05.05"]
[EventType "team"]
[EventRounds "5"]
[EventCountry "FRA"]
[WhiteTeam "Bischwiller"]
[BlackTeam "Juvisy sur Orge"]

1. e4 g6 2. d4 Bg7 3. Nc3 d6 4. f4 Nf6 5. a3 O-O 6. Nf3 c6 7. Bd3 Nbd7 8. Rb1
e5 9. dxe5 dxe5 10. Qe2 Qe7 11. O-O exf4 12. Bxf4 Nh5 13. Bg5 Qc5+ 14. Be3 Qd6
15. Nd1 Ne5 16. Nf2 b6 17. Rfd1 Qc7 18. Nd2 Nxd3 19. cxd3 Ba6 20. Nf3 Rad8 21.
Qd2 Rfe8 22. Qb4 Nf6 23. Rbc1 Qb7 24. Qb3 h5 25. Bg5 Rd7 26. Bf4 Ng4 27. Rc2
Nxf2 28. Rxf2 c5 29. Be3 c4 30. dxc4 Rxd1+ 31. Qxd1 Qxe4 32. Bc1 Bxc4 33. b3
Be2 34. Qd2 Bxf3 35. Rxf3 Bd4+ 36. Kf1 f5 37. Rf4 Qe3 38. Rxd4 Qxb3 39. Kg1 Qb5
40. Qa2+ Kg7 41. Qc4 Qxc4 42. Rxc4 Re6 43. Kf2 a6 44. Be3 b5 45. Rc7+ Kf6 46.
h4 Ke5 47. Kf3 Kd5 48. Rc5+ Kd6 49. Rc3 Re4 50. g3 Kd5 51. Rc8 Ra4 52. Bc5 Rc4
53. Rg8 Rxc5 54. Rxg6 a5 55. Rb6 Ke5 56. Rh6 Rc3+ 57. Kf2 Rxa3 58. Rxh5 Ke4 59.
Rh8 Ra2+ 60. Kg1 b4 61. h5 Kf3 62. h6 Rg2+ 63. Kh1 Rxg3 64. h7 Rh3+ 65. Kg1 f4
66. Ra8 Rxh7 67. Rxa5 Rb7 68. Ra1 b3 69. Rb1 b2 70. Kf1 Rc7 0-1

[Event "Women Team Championship Preliminaries"]
[Site "Mulhouse"]
[Date "2016.05.08"]
[Round "5.1"]
[White "Doluhanova, Evgeniya"]
[Black "Daulyte, Deimante"]
[Result "1/2-1/2"]
[WhiteElo "2262"]
[BlackElo "2392"]
[PlyCount "126"]
[EventDate "2016.05.05"]
[EventType "team"]
[EventRounds "5"]
[EventCountry "FRA"]
[WhiteTeam "Vandoeuvre"]
[BlackTeam "Montpeliier"]

1. e4 e5 2. Nf3 Nc6 3. Nc3 Nf6 4. d4 exd4 5. Nxd4 Bb4 6. Nxc6 bxc6 7. Bd3 d5 8.
exd5 cxd5 9. O-O O-O 10. h3 Rb8 11. Qf3 h6 12. Bf4 Bb7 13. Nb5 d4 14. Bxc7 Bxf3
15. Bxd8 Rfxd8 16. gxf3 Rd7 17. a4 g6 18. Rfd1 Bc5 19. Rab1 Kg7 20. b4 Be7 21.
Be4 Nxe4 22. fxe4 Rbd8 23. Rd3 Kf6 24. f4 g5 25. fxg5+ hxg5 26. Rf3+ Ke6 27.
Rbf1 a6 28. Na3 d3 29. cxd3 Rxd3 30. Nc2 Rxf3 31. Rxf3 Rd1+ 32. Rf1 Rxf1+ 33.
Kxf1 Ke5 34. b5 axb5 35. axb5 Bc5 36. Kg2 Kxe4 37. Ne1 f5 38. Nf3 Kf4 39. Nd2
Ke3 40. Nf1+ Kf4 41. Ng3 Ba7 42. Nh5+ Ke3 43. Nf6 f4 44. Ng4+ Ke2 45. Ne5 Ke3
46. Nf3 Kd3 47. Nxg5 Kc4 48. h4 Kxb5 49. Nf3 Bc5 50. h5 Bf8 51. Kh3 Kc5 52. Kg4
Kd5 53. Kf5 Kd6 54. Kf6 Kd5 55. Kf7 Bh6 56. Kg6 Ke4 57. Nh2 Bf8 58. Ng4 f3 59.
h6 Bxh6 60. Kxh6 Kf4 61. Kh5 Kg3 62. Kg5 f2 63. Nxf2 Kxf2 1/2-1/2

[Event "Women Team Championship Preliminaries"]
[Site "Mulhouse"]
[Date "2016.05.08"]
[Round "5.2"]
[White "Vojinovic, Jovana"]
[Black "Steil-Antoni, Fiona"]
[Result "1-0"]
[WhiteElo "2344"]
[BlackElo "2185"]
[PlyCount "71"]
[EventDate "2016.05.05"]
[EventType "team"]
[EventRounds "5"]
[EventCountry "FRA"]
[WhiteTeam "Montpellier"]
[BlackTeam "Vandoeuvre"]

1. Nf3 d6 2. d4 Bg4 3. e4 c6 4. h3 Bxf3 5. Qxf3 Nf6 6. Nc3 e6 7. Bd2 Be7 8. e5
Nfd7 9. Qg3 dxe5 10. dxe5 Qc7 11. O-O-O Qxe5 12. f4 Qf6 13. Bd3 Nc5 14. Ne4
Nxe4 15. Bxe4 O-O 16. Rhf1 Na6 17. Bc3 Qh6 18. Qe3 Nb4 19. Kb1 Nd5 20. Bxd5
cxd5 21. g4 Rfc8 22. h4 Rc4 23. h5 Bd6 24. Bd4 Rac8 25. Qf3 g6 26. c3 Bc5 27.
Be5 Qf8 28. f5 f6 29. Bg3 exf5 30. hxg6 hxg6 31. gxf5 Be7 32. fxg6 Qe8 33.
Qxd5+ Kg7 34. Bf4 Qxg6+ 35. Ka1 Rd8 36. Qxc4 1-0

[Event "Women Team Championship Preliminaries"]
[Site "Mulhouse"]
[Date "2016.05.08"]
[Round "5.3"]
[White "Leclair, Marie"]
[Black "Hamdouchi, Adina-Maria"]
[Result "0-1"]
[WhiteElo "1953"]
[BlackElo "2209"]
[PlyCount "40"]
[EventDate "2016.05.05"]
[EventType "team"]
[EventRounds "5"]
[EventCountry "FRA"]
[WhiteTeam "Vandoeuvre"]
[BlackTeam "Montpellier"]

1. e4 g6 2. d4 Bg7 3. Nc3 d6 4. f4 a6 5. Nf3 Nd7 6. Be3 b5 7. Qd2 e6 8. Bd3 Bb7
9. h3 Ne7 10. O-O O-O 11. f5 exf5 12. exf5 c5 13. fxg6 hxg6 14. Bh6 c4 15. Bxg7
Kxg7 16. Be2 Nf6 17. a3 Nf5 18. Kh2 Qe7 19. Rae1 Qe3 20. Bd1 Ng4+ 0-1

[Event "Women Team Championship Preliminaries"]
[Site "Mulhouse"]
[Date "2016.05.08"]
[Round "5.4"]
[White "Haussernot, Cecile"]
[Black "Sidibe, Malika"]
[Result "1-0"]
[WhiteElo "2087"]
[BlackElo "1760"]
[PlyCount "121"]
[EventDate "2016.05.05"]
[EventType "team"]
[EventRounds "5"]
[EventCountry "FRA"]
[WhiteTeam "Montpellier"]
[BlackTeam "Vandoeuvre"]

1. e4 c5 2. Nc3 Nc6 3. g3 e6 4. Bg2 Nf6 5. d3 d5 6. exd5 Nxd5 7. Nge2 Be7 8.
O-O O-O 9. Nxd5 exd5 10. Nf4 Be6 11. Re1 Qd7 12. Nxe6 fxe6 13. f4 Bf6 14. g4
Rae8 15. g5 Bd8 16. Bh3 Bc7 17. Rf1 Ne7 18. Qg4 Ng6 19. Bd2 Qd6 20. Rae1 e5 21.
f5 e4 22. Re2 Ne5 23. Bf4 Nxg4 24. Bxd6 Bxd6 25. Bxg4 exd3 26. cxd3 Rxe2 27.
Bxe2 d4 28. Bh5 g6 29. Bg4 gxf5 30. Rxf5 Rxf5 31. Bxf5 Kg7 32. Kg2 Be7 33. h4
h6 34. gxh6+ Kxh6 35. Kg3 Kh5 36. Bg4+ Kg6 37. Bf3 b6 38. Kg4 Bf8 39. Kf4 Kf6
40. Ke4 Ke6 41. Bg4+ Kd6 42. Kf5 Ke7 43. Kg6 Ke8 44. h5 Bd6 45. Kf6 Bf4 46. Be6
Kf8 47. Kf5 Be3 48. Bc4 Kg7 49. Ke5 Kh6 50. Bf7 Bc1 51. b3 Bd2 52. Kd6 Ba5 53.
Kc6 Bb4 54. Kb7 Ba5 55. Kxa7 Kg5 56. Ka6 Kf6 57. Be8 Kg7 58. Kb5 Kh7 59. a3 Bc3
60. Kxb6 Bb2 61. a4 1-0

[Event "Women Team Championship Preliminaries"]
[Site "Mulhouse"]
[Date "2016.05.08"]
[Round "5.1"]
[White "Leriche, Ines"]
[Black "Haast, Anne"]
[Result "0-1"]
[WhiteElo "1912"]
[BlackElo "2309"]
[PlyCount "60"]
[EventDate "2016.05.05"]
[EventType "team"]
[EventRounds "5"]
[EventCountry "FRA"]
[WhiteTeam "Poitiers-Migne"]
[BlackTeam "Cannes"]

1. Nf3 Nf6 2. c4 g6 3. d4 Bg7 4. Nc3 O-O 5. e4 d6 6. h3 c5 7. d5 e6 8. Bd3 exd5
9. exd5 Re8+ 10. Be3 a6 11. a4 b6 12. O-O Nbd7 13. Bf4 Ne5 14. Nxe5 dxe5 15.
Bg5 h6 16. Be3 Bd7 17. Rb1 Bf8 18. Qc2 Kh7 19. Bd2 Nh5 20. Ne2 Qe7 21. Qd1 e4
22. Bc2 f5 23. b4 Qh4 24. bxc5 Bxc5 25. Be3 Qe7 26. Bxc5 Qxc5 27. Qd4 Nf4 28.
Qd2 e3 29. fxe3 Rxe3 30. Nd4 Ne2+ 0-1

[Event "Women Team Championship Preliminaries"]
[Site "Mulhouse"]
[Date "2016.05.08"]
[Round "5.2"]
[White "Bensdorp-Delabaca, Marlies"]
[Black "Marchais, Aurelie"]
[Result "1-0"]
[WhiteElo "2223"]
[BlackElo "1782"]
[PlyCount "103"]
[EventDate "2016.05.05"]
[EventType "team"]
[EventRounds "5"]
[EventCountry "FRA"]
[WhiteTeam "Cannes"]
[BlackTeam "Poitiers-Migne"]

1. d4 d5 2. c4 c6 3. Nf3 Nf6 4. Qc2 dxc4 5. Qxc4 Bf5 6. g3 e6 7. Bg2 Nbd7 8.
O-O Be7 9. e3 O-O 10. Qe2 Rc8 11. Nc3 Ne4 12. Rd1 Nxc3 13. bxc3 Be4 14. Bf1 Qc7
15. Ne1 c5 16. f3 Bc6 17. Ba3 Qa5 18. Bb2 cxd4 19. cxd4 Ba4 20. Rdc1 Nb6 21. e4
Rxc1 22. Rxc1 Rc8 23. Rxc8+ Nxc8 24. Nd3 Nb6 25. Ne5 Qb4 26. f4 f6 27. Nf3 a6
28. Bh3 Kf7 29. Kf2 Nc4 30. Bc1 Qc3 31. Bd2 Nxd2 32. Qxd2 Qxd2+ 33. Nxd2 Bc6
34. Ke3 b5 35. Nb3 b4 36. Bf1 Bb7 37. Na5 Bc8 38. Bh3 h6 39. Kd3 Bd7 40. d5
Bb5+ 41. Kd4 e5+ 42. fxe5 fxe5+ 43. Kxe5 Bf6+ 44. Kd6 Be7+ 45. Kc7 Ke8 46. Nc6
Bc5 47. d6 Bxc6 48. Kxc6 Bd4 49. Bf1 a5 50. Kd5 Bc3 51. e5 a4 52. Bb5+ 1-0

[Event "Women Team Championship Preliminaries"]
[Site "Mulhouse"]
[Date "2016.05.08"]
[Round "5.3"]
[White "Sommer, Hannah"]
[Black "Verot, Melanie"]
[Result "0-1"]
[WhiteElo "1784"]
[BlackElo "2042"]
[PlyCount "62"]
[EventDate "2016.05.05"]
[EventType "team"]
[EventRounds "5"]
[EventCountry "FRA"]
[WhiteTeam "Poitiers-Migne"]
[BlackTeam "Cannes"]

1. d4 d5 2. Nf3 Nf6 3. e3 e6 4. Bd3 c5 5. b3 Nc6 6. Bb2 cxd4 7. exd4 Bb4+ 8.
Nbd2 O-O 9. O-O Qc7 10. a3 Bd6 11. Qe2 Bf4 12. Ne5 Nd7 13. Ndf3 Ndxe5 14. Nxe5
f6 15. Nxc6 bxc6 16. g3 Bd6 17. f4 Bd7 18. Qh5 f5 19. Rae1 c5 20. c4 Rab8 21.
cxd5 exd5 22. g4 Rxb3 23. Bxf5 Bxf5 24. gxf5 Rxb2 25. Qg5 Qf7 26. Re6 Rb6 27.
h4 Qxf5 28. Qxf5 Rxf5 29. Re8+ Kf7 30. Rfe1 cxd4 31. a4 Rxf4 0-1

[Event "Women Team Championship Preliminaries"]
[Site "Mulhouse"]
[Date "2016.05.08"]
[Round "5.4"]
[White "Gras, Delphine"]
[Black "Gros, Rachel"]
[Result "1-0"]
[WhiteElo "1942"]
[BlackElo "1611"]
[PlyCount "80"]
[EventDate "2016.05.05"]
[EventType "team"]
[EventRounds "5"]
[EventCountry "FRA"]
[WhiteTeam "Cannes"]
[BlackTeam "Poitiers-Migne"]

1. e4 d5 2. exd5 Qxd5 3. Nc3 Qd6 4. d4 Nf6 5. Nf3 a6 6. g3 Bg4 7. Bg2 Nc6 8.
Be3 O-O-O 9. O-O h5 10. h3 Bf5 11. Bf4 Qd7 12. Ng5 e6 13. Ne2 Nd5 14. c3 f6 15.
Ne4 g5 16. Bd2 Bxe4 17. Bxe4 f5 18. Bxd5 exd5 19. Bxg5 Re8 20. Nf4 Qg7 21. h4
Be7 22. Bxe7 Nxe7 23. Qf3 Qf7 24. Rfe1 Reg8 25. Qe3 Ng6 26. Nxg6 Rxg6 27. Qf3
f4 28. Re5 c6 29. Rae1 Rf8 30. Rg5 Rxg5 31. hxg5 fxg3 32. Qxf7 Rxf7 33. fxg3
Kd7 34. Kg2 Rg7 35. Re5 Kd6 36. Kh3 c5 37. Kh4 b5 38. Kxh5 a5 39. Kh6 Rf7 40.
g6 Rf4 1-0

[Event "Women Team Championship Preliminaries"]
[Site "Mulhouse"]
[Date "2016.05.08"]
[Round "5.1"]
[White "Vega Gutierrez, Sabrina"]
[Black "Fuchs, Judith"]
[Result "1/2-1/2"]
[WhiteElo "2375"]
[BlackElo "2342"]
[PlyCount "123"]
[EventDate "2016.05.05"]
[EventType "team"]
[EventRounds "5"]
[EventCountry "FRA"]
[WhiteTeam "Evry"]
[BlackTeam "Bois-Colombes"]

1. d4 Nf6 2. c4 g6 3. Nc3 Bg7 4. e4 d6 5. f3 O-O 6. Be3 c5 7. dxc5 dxc5 8. Qxd8
Rxd8 9. Bxc5 Nc6 10. Nge2 Nd7 11. Be3 Nde5 12. Nf4 Nb4 13. Rc1 e6 14. a3 Nbc6
15. Be2 Nd4 16. Nb5 Nec6 17. Nxd4 Nxd4 18. Rd1 Nc2+ 19. Kf2 Bd7 20. Bc5 Ba4 21.
Rxd8+ Rxd8 22. Rd1 Rxd1 23. Bxd1 b6 24. Bd6 Bxb2 25. Nd3 Bd4+ 26. Ke2 Bg1 27.
Nb2 Bb3 28. Bxc2 Bxc2 29. Kd2 Bb1 30. Nd1 Ba2 31. Kc3 f5 32. Kb4 Bb1 33. Nc3
Bd3 34. exf5 gxf5 35. Nb5 a5+ 36. Kc3 Bf1 37. g4 fxg4 38. fxg4 Be2 39. g5 Be3
40. Nd4 Bg4 41. Kd3 Bxg5 42. Bc7 Be7 43. Bxb6 Bxa3 44. c5 Bb2 45. Bxa5 Bxd4 46.
Kxd4 Kf7 47. Ke5 Ke7 48. c6 Bf3 49. Bb4+ Kd8 50. Kd6 Kc8 51. Bc3 Bd5 52. Be5
Be4 53. h4 Bf3 54. Bf4 Bd5 55. c7 Bb3 56. Be5 Bc4 57. Ke7 Bb3 58. Kf6 Bc4 59.
h5 Bd5 60. h6 Bc4 61. Kg7 Bd3 62. Kf6 1/2-1/2

[Event "Women Team Championship Preliminaries"]
[Site "Mulhouse"]
[Date "2016.05.08"]
[Round "5.2"]
[White "Guichard, Pauline"]
[Black "Milliet, Sophie"]
[Result "1/2-1/2"]
[WhiteElo "2386"]
[BlackElo "2346"]
[PlyCount "102"]
[EventDate "2016.05.05"]
[EventType "team"]
[EventRounds "5"]
[EventCountry "FRA"]
[WhiteTeam "Bois-Colombes"]
[BlackTeam "Evry"]

1. Nf3 c5 2. c4 g6 3. g3 Bg7 4. Bg2 Nc6 5. O-O d6 6. Nc3 e6 7. e3 Nge7 8. d4
cxd4 9. exd4 d5 10. cxd5 exd5 11. Bg5 h6 12. Bxe7 Nxe7 13. Qb3 O-O 14. Ne5 Be6
15. Qxb7 a5 16. Qb5 Rb8 17. Qe2 Qb6 18. Rab1 Qxd4 19. Nd7 Bxd7 20. Qxe7 Be6 21.
Rfd1 Qe5 22. Bxd5 Bf5 23. Qxe5 Bxe5 24. Ne4 Bxb2 25. f3 Kg7 26. Kg2 Bxe4 27.
fxe4 Be5 28. Kh3 Rxb1 29. Rxb1 Rb8 30. Rf1 f6 31. Rc1 h5 32. Rc5 Rb2 33. Bb3
Re2 34. Rc2 Rxe4 35. Kg2 a4 36. Bc4 h4 37. Bd5 Rd4 38. Bf3 hxg3 39. hxg3 a3 40.
Be2 Rb4 41. Kf3 Rb1 42. Kg2 f5 43. Bc4 Kf6 44. Bg8 Rb2 45. Bb3 Rb1 46. Rc6+ Kg7
47. Ra6 Bb2 48. Ra7+ Kh6 49. Ra6 Kg7 50. Ra7+ Kh6 51. Ra6 Kg5 1/2-1/2

[Event "Women Team Championship Preliminaries"]
[Site "Mulhouse"]
[Date "2016.05.08"]
[Round "5.3"]
[White "Safranska, Anda"]
[Black "Congiu, Mathilde"]
[Result "1-0"]
[WhiteElo "2223"]
[BlackElo "2267"]
[PlyCount "73"]
[EventDate "2016.05.05"]
[EventType "team"]
[EventRounds "5"]
[EventCountry "FRA"]
[WhiteTeam "Evry"]
[BlackTeam "Bois-Colombes"]

1. e4 c5 2. Be2 Nc6 3. f4 g6 4. Nf3 Bg7 5. c3 e6 6. O-O Nge7 7. d3 O-O 8. Be3
b6 9. Na3 d5 10. Nc2 Ba6 11. e5 Rc8 12. Bf2 Qc7 13. Re1 Rfd8 14. g4 Bh6 15. Bg3
d4 16. c4 Rb8 17. a4 Bg7 18. Ng5 Bb7 19. Bf3 Nc8 20. Ne4 Qe7 21. Qe2 h6 22. h4
Ra8 23. g5 h5 24. Nf6+ Bxf6 25. gxf6 Qc7 26. Bxh5 Nxe5 27. fxe5 Qc6 28. Kh2
gxh5 29. Rg1 Qf3 30. Qd2 Kf8 31. Raf1 Qc6 32. b3 Ke8 33. Qg5 Kd7 34. Qg7 Kc7
35. Qxf7+ Rd7 36. Qxh5 a6 37. f7 1-0

[Event "Women Team Championship Preliminaries"]
[Site "Mulhouse"]
[Date "2016.05.08"]
[Round "5.4"]
[White "Dacalor, Aurelie"]
[Black "Huisman, Chloe"]
[Result "0-1"]
[WhiteElo "2001"]
[BlackElo "1948"]
[PlyCount "109"]
[EventDate "2016.05.05"]
[EventType "team"]
[EventRounds "5"]
[EventCountry "FRA"]
[WhiteTeam "Bois-Colombes"]
[BlackTeam "Evry"]

1. d4 g6 2. c4 Bg7 3. Nf3 d6 4. Qc2 Nc6 5. d5 Ne5 6. Nxe5 Bxe5 7. e4 Bg7 8. Nc3
e5 9. Bd3 h6 10. Be3 Ne7 11. O-O f5 12. f3 O-O 13. b4 f4 14. Bf2 g5 15. Be2 Ng6
16. c5 Rf7 17. Rac1 Bf8 18. a4 h5 19. Qd1 Rg7 20. Kh1 Nh8 21. cxd6 Bxd6 22. Nb5
g4 23. Nxa7 Rxa7 24. Bxa7 b6 25. fxg4 hxg4 26. g3 f3 27. Bb5 Bxb4 28. Qc2 Bc5
29. Qb3 Nf7 30. Rxc5 bxc5 31. Bxc5 Ng5 32. Bd3 Kh8 33. Qb2 Qf6 34. a5 Nh3 35.
Qb8 Rg8 36. Qxc7 f2 37. Be2 Ba6 38. Be7 Qf7 39. Qxe5+ Rg7 40. Qb2 Qxe7 41. e5
Qc5 42. Rd1 Bxe2 43. Qxe2 Qxa5 44. e6 Qa7 45. Kg2 Qc7 46. Qe4 Qd6 47. Ra1 Rg8
48. Ra7 Rg7 49. Ra8+ Rg8 50. Ra1 Rf8 51. e7 Re8 52. Qd4+ Kh7 53. Qe4+ Kh8 54.
Ra7 Qb6 55. Qd4+ 0-1